| 000 | 00681nam a22002537a 4500 | ||
|---|---|---|---|
| 001 | 16581058 | ||
| 003 | OSt | ||
| 005 | 20161228050049.0 | ||
| 008 | 101216s2012 nyua b 001 0 eng | ||
| 020 | _a9780073380667 | ||
| 040 | _cHAY | ||
| 041 | _aeng | ||
| 082 | 0 | 0 | _a621.3 |
| 100 | 1 |
_aHayt, William Hart, _d1920- |
|
| 245 | 1 | 0 |
_aEngineering electromagnetics / _cWilliam H. Hayt, Jr., John A. Buck. |
| 250 | _a8th ed. | ||
| 260 |
_aNew York, NY : _bMcGraw-Hill, _c2012. |
||
| 300 |
_a593 p. : _bme il. ; _c24 cm. |
||
| 440 | _nEngineering electromagnetics | ||
| 504 | _aIndex f.580-593 | ||
| 650 | 0 | _aElectromagnetic theory. | |
| 700 | 1 | _aBuck, John A. | |
| 942 |
_2udc _cBK |
||
| 999 |
_c2509 _d2509 |
||